Tổng tập tiểu thuyết chữ Hán Việt Nam T.4 = General collection of Vietnamese novels written in classical Chinese T.4
Đã lưu trong:
| 格式: | 圖書 |
|---|---|
| 語言: | Vietnamese |
| 出版: |
Thế giới
1997
|
| 標簽: |
添加標簽
沒有標簽, 成為第一個標記此記錄!
|
| Thư viện lưu trữ: | Mạng thư viện Đại học Đà Nẵng |
|---|
| LEADER | 00730nam a2200241 4500 | ||
|---|---|---|---|
| 001 | 000023182 | ||
| 003 | 19631 | ||
| 005 | 20150603080610.0 | ||
| 008 | 150603s1997 viesd | ||
| 020 | |c 00 | ||
| 041 | 0 | |a vie | |
| 082 | 1 | 4 | |a 895923008 |b Tô-T |
| 245 | 1 | 0 | |a Tổng tập tiểu thuyết chữ Hán Việt Nam T.4 = General collection of Vietnamese novels written in classical Chinese |b T.4 |c Chủ biên : Trần Nghĩa ; biên dịch : Đinh Gia Khánh |
| 260 | |b Thế giới |c 1997 | ||
| 300 | |a tr. |c cm. | ||
| OWN | |a LSP | ||
| 999 | |a From the UDN01 | ||
| TYP | |a Monograph | ||
| TYP | |a Printed language | ||
| 980 | |a Mạng thư viện Đại học Đà Nẵng | ||